Wszyscy medaliści MUNDIALI - Statystyki

Ogólne statystyki
  • Ten quiz został rozwiązany 173 razy
    139 od ostatniego zresetowania
  • Średni wynik to 14 z 20
Statystyki odpowiedzi
Najlepszy rezultat Kraj / Państwo % Poprawnych
Mistrzostwo Brazylia
97%
Mistrzostwo Argentyna
96%
Mistrzostwo Francja
96%
Mistrzostwo Niemcy
93%
Mistrzostwo Włochy
92%
Mistrzostwo Anglia
89%
III miejsce Polska
88%
Mistrzostwo Urugwaj
86%
Mistrzostwo Hiszpania
85%
Wicemistrzostwo Chorwacja
80%
Wicemistrzostwo Holandia
75%
III miejsce Belgia
72%
III miejsce Portugalia
61%
III miejsce USA
59%
Wicemistrzostwo Szwecja
56%
Wicemistrzostwo Węgry
56%
Wicemistrzostwo Czechosłowacja
49%
III miejsce Turcja
49%
III miejsce Chile
39%
III miejsce Austria
26%
Nie znaleziono quizów pasujących do podanych kryteriów
Rozkład punktacji
Procent ludzi z każdym wynikiem
Percentyl według liczby udzielonych odpowiedzi
Twoja historia wyników
Nie rozwiązałeś tego quizu od ostatniego zresetowania